🪐Es-tu calé sur le système solaire ? - Statistiques

Statistiques générales
  • Ce quiz a été pris 82 fois
    81 depuis la dernière actualisation
  • Le résultat moyen est 11 sur 20
Statistiques - réponses
Question Réponse % Correct
Quelle est la planète la plus massive du système solaire ? Jupiter
97%
Quel est l’ordre des planètes depuis le Soleil ? Mercure, Vénus, Terre, Mars, Jupiter, Saturne, Uranus, Neptune
93%
Pluton est : Une planète naine
92%
Quelle planète a les anneaux les plus visibles ? Saturne
89%
Sur quelle planète peut-on voir le mont Olympus Mons, le plus grand volcan du système solaire ? Mars
82%
Quelle planète du système solaire est la plus chaude à sa surface ? Vénus
58%
Quelle planète a un axe de rotation quasi horizontal (rotation "couchée") ? Uranus
55%
Quelle objet stellaire possède un océan liquide sous sa surface, selon de fortes présomptions ? Europe
52%
Quel objet du système solaire possède une atmosphère plus dense que la Terre ? Titan
51%
Parmi ces lunes, laquelle n’appartient pas à Jupiter ? Titan
48%
Quelle planète a le jour le plus long (en durée réelle) ? Vénus
48%
Quelle est la planète avec la gravité la plus faible à sa surface ? Mercure
42%
Combien de planètes naines sont officiellement reconnues dans le système solaire (selon l'UAI, en 2025) ? 5
41%
Quelle planète fait une rotation rétrograde (elle tourne à l'envers) ? Vénus
37%
Quelle planète possède les vents les plus violents ? Neptune
33%
Combien de lunes confirmées la planète Saturne a-t-elle en 2025 ? Plus de 200
32%
Quelle planète pourrait théoriquement flotter sur l’eau (si on en trouvait un océan assez grand) ? Saturne
32%
Quelle planète possède un jour plus court que toutes les autres (rotation ultra-rapide) ? Jupiter
30%
Quelle planète a des saisons extrêmes qui durent plus de 20 ans chacune ? Uranus
27%
Laquelle de ces affirmations est fausse ? Mercure possède un différentiel de 200 degrés entre le jour et la nuit
18%
Aucun quiz correspondant
Distribution des résultats
% des personnes avec chaque résultat
Percentile par nombre de réponses
Votre historique - résultats
Vous n’avez pas pris ce quiz depuis la dernière actualisation